Organic chemistry (Record no. 34455)

MARC details
000 -LEADER
fixed length control field 00291nam a2200121Ia 4500
082 ## - DEWEY DECIMAL CLASSIFICATION NUMBER
Classification number 547
Item number BAI
100 ## - MAIN ENTRY--AUTHOR NAME
Personal name Bailey, Christina A
245 #0 - TITLE STATEMENT
Title Organic chemistry
260 ## - PUBLICATION, DISTRIBUTION, ETC. (IMPRINT)
Place of publication Boston
Name of publisher Allyn;1978
700 ## - ADDED ENTRY--PERSONAL NAME
Personal name Bailey, Philip S
942 ## - ADDED ENTRY ELEMENTS (KOHA)
Koha item type Books
Holdings
Withdrawn status Lost status Damaged status Not for loan Home library Current library Date acquired Cost, normal purchase price Full call number Accession Number Koha item type
        RRII Library RRII Library 16/12/2021 20.75 547 BAI 14892 Books